The Recognition and Management of Early Psychosis: a preventive approach (Record no. 5462)

MARC details
000 -LEADER
fixed length control field 00628nam a22002057a 4500
003 - CONTROL NUMBER IDENTIFIER
control field OSt
005 - DATE AND TIME OF LATEST TRANSACTION
control field 20170117191537.0
008 - FIXED-LENGTH DATA ELEMENTS--GENERAL INFORMATION
fixed length control field 170117b xxu||||| |||| 00| 0 eng d
020 ## - INTERNATIONAL STANDARD BOOK NUMBER
International Standard Book Number 0521553830
040 ## - CATALOGING SOURCE
Transcribing agency DMLN
082 ## - DEWEY DECIMAL CLASSIFICATION NUMBER
Classification number WM200 R25p 1999
100 ## - MAIN ENTRY--PERSONAL NAME
Personal name EdITED by Patrick, D. Mcgorry; Henry J. Jackson
9 (RLIN) 11411
245 ## - TITLE STATEMENT
Title The Recognition and Management of Early Psychosis: a preventive approach
260 ## - PUBLICATION, DISTRIBUTION, ETC. (IMPRINT)
Place of publication, distribution, etc. Cambridge University Press,1999
300 ## - PHYSICAL DESCRIPTION
Extent xxviii,495p; ill: 23cm
504 ## - BIBLIOGRAPHY, ETC. NOTE
Bibliography, etc Appendices, & index included
650 ## - SUBJECT ADDED ENTRY--TOPICAL TERM
Topical term or geographic name as entry element Psychosis
9 (RLIN) 11412
650 ## - SUBJECT ADDED ENTRY--TOPICAL TERM
Topical term or geographic name as entry element Psychiatry management
9 (RLIN) 11413
942 ## - ADDED ENTRY ELEMENTS (KOHA)
Source of classification or shelving scheme Other/Generic Classification Scheme
Koha item type Open Shelf
Holdings
Withdrawn status Lost status Source of classification or shelving scheme Damaged status Not for loan Home library Current library Date acquired Source of acquisition Inventory number Total Checkouts Full call number Barcode Date last seen Koha item type
    Other/Generic Classification Scheme     MUST Main Library MUST Main Library 17/01/2017   12/35984   WM200 R25p 1999 2017-0032 17/01/2017 Open Shelf